| 000 | 00503cam a2200193ua 4500 | ||
|---|---|---|---|
| 020 | _c147.00 | ||
| 041 |
_aeng _h |
||
| 082 |
_a302.2 _bKEG/CO |
||
| 100 | _aKegel , Charles.H . | ||
| 245 |
_aCommunication principles and practice / _cH.Charles Kegel. _hTextual Documents |
||
| 250 |
_a1 / _b. |
||
| 260 |
_aSanfrancisco : _bWadswath publishing co. , _c1959. |
||
| 300 | _a494 ; . | ||
| 365 | _a147.00 | ||
| 504 | _a | ||
| 700 | 1 | _aStevens, Martin . | |
| 942 | _cBK | ||
| 999 |
_c1810 _d1810 |
||